000 00727nam a2200229 i 4500
001 bgj
245 0 0 _aA Reader's Guide to Making America :
_bthe society and culture of the United States /
_cedited by Luther S. Luedtke.
260 _aWashington, D.C. :
_bUnited States Information Agency,
_c1992.
300 _aVIII, 97 pp ;
_c23 cm.
490 1 _aForum Series
500 _a1st published in 1990.
505 _aIncludes glossary.
650 9 _aNational characteristics, American
651 9 _aUnited States
_xSocial life and culture
700 1 _aLUEDTKE, Luther S.
_eed.
830 _aForum Series
020 _apbk
040 _cBPK
041 0 _aeng
942 _cKS
008 s uk f |000 0 eng
999 _c48142
_d48142